A Mórában. Szakkollégium a szecesszióról
Elmentve itt :
| Dokumentumtípus: | Cikk |
|---|---|
| Megjelent: |
1998-02-10
|
| Sorozat: | Délmagyarország
88 No. 34 |
| Kulcsszavak: | Előadás, Móra Kollágiumban |
| Online Access: | http://dmarchiv.bibl.u-szeged.hu/79952 |
| LEADER | 00431nab a2200145 i 4500 | ||
|---|---|---|---|
| 001 | delm79952 | ||
| 005 | 20191025090527.0 | ||
| 008 | 191025s1998 hu o 0|| hun d | ||
| 040 | |a SZTE Délmagyarország Archívum |b hun | ||
| 041 | |a hun | ||
| 245 | 0 | 2 | |a A Mórában. Szakkollégium a szecesszióról |h [elektronikus dokumentum] |
| 260 | |c 1998-02-10 | ||
| 300 | |a 10 | ||
| 490 | 0 | |a Délmagyarország |v 88 No. 34 | |
| 695 | |a Előadás, Móra Kollágiumban | ||